| 000 | 00548nam a2200181 a 4500 | ||
|---|---|---|---|
| 001 | 001035894 | ||
| 003 | AM-YeHGA | ||
| 005 | 20250617150831.0 | ||
| 008 | 140904s1975 ||| r 000 0 rus d | ||
| 040 | _aAM-YeHGA | ||
| 041 | 0 | _arus | |
| 245 | 0 | 0 |
_aВерблюдоводство / _cПод ред. С.М. Терентьева. |
| 260 |
_aМосквa : _bКолос, _c1975. |
||
| 300 |
_a224 с. : _bил. |
||
| 653 | 0 | _aЖивотноводство - Верблюды | |
| 700 | 1 |
_aТерентьев, С.М. _eред. _4edt |
|
| 090 | _c341137 | ||
| 999 |
_c339355 _d339355 |
||